| 000 | 00765nam a22002297a 4500 | ||
|---|---|---|---|
| 999 |
_c14129 _d14129 |
||
| 003 | AR-CdUCM | ||
| 008 | 190422b ||||| |||| 00| 0 spa d | ||
| 040 |
_aMUNICIPALIDAD PROVINCIAL DEL CUSCO _cBIBLIOTECA MUNICIPAL DEL CUSCO |
||
| 082 |
_a920 / _bIN63 |
||
| 110 |
_aMunicipalidad de Trujillo _932796 |
||
| 245 | _aCuadernos Hispanoamericanos / | ||
| 260 |
_aTrujillo : _bCuadernos Hispanoamericanos, _c1992. |
||
| 300 |
_a19 paginas ; _bIlustraciones, _c21 cm. |
||
| 505 | _aContenido : Biografías | ||
| 650 |
_aCesar Vallejo _9978 |
||
| 650 |
_aEnsayos _943985 |
||
| 650 |
_aBiografia _943986 |
||
| 650 |
_aAdolescencia y promisión _932797 |
||
| 700 |
_aQuirós Sánchez, Eduardo (Compilador) _932798 |
||
| 942 |
_2ddc _cFOLLETOS |
||
| 945 |
_awnts _d2019-04-22 |
||